00550 2200205 4500001002100000005001700021008004100038035002400079040001200103082001300115090002000128100001800148245006600166260003500232300001200267504001600279650002600295850001200321990001100333YOGYA-0612000000076020120611231754.0 ger  0010-061200000000758 aYOPDYOG a831.9082 a831.9082bWoL W aWOLF, Christa aWir, unsere Zeit :bgedichse aus Zehn Jahren /cChrista, Wolf aBerlinbIm Aufbau-Verlagc1959 a258 hlm ahlm 255-258 aPuisi Jerman-Kumpulan aYOPDYOG a3739-c